| 000 | 01078cab a22002535a 4500 | ||
|---|---|---|---|
| 001 | L137503 | ||
| 008 | 070412e2007 xxk 000 0 eng d | ||
| 035 | _a(Sirsi) u137503 | ||
| 041 | 0 | _aeng | |
| 100 | 1 | _aEdwards, Chris | |
| 245 | 0 | 2 | _aA good opportunity |
| 260 | _c2007 | ||
| 490 | 0 |
_aEstates Gazette _v(0714) 7 April 2007, 94-99(6) |
|
| 520 | _aDiscusses the budgetary requirements of the RICS service charge code, and the code's focus on communication, transparency and best practice in the management of charges. Discusses tenancy deposits, empty property relief, rights to light, legislative support, infringements and relevant case law. | ||
| 590 | _aKA | ||
| 650 | 2 | 4 | _aHOUSING ACT 2004 |
| 650 | 2 | 4 | _aDWR CYMRU CYFYNGENIG V CORUS |
| 650 | 2 | 4 | _aTAMARES (VINCENT SQUARE) LTD V FAIRPOINT PROPERTIES (VINCENT SQUARE) LTD |
| 650 | 2 | 4 | _aGENERAL RATE ACT 1967 |
| 650 | 2 | 4 | _aPRINCES HOUSE LTD V DISTINCTIVE CLUBS LTD |
| 651 | 4 |
_aUnited Kingdom _y |
|
| 690 | _aPROPERTY-COMMERCIAL PROPERTY-COMMERCIAL LANDLORD AND TENANT-COMMERCIAL SERVICE CHARGES | ||
| 942 | _n0 | ||
| 999 |
_c78639 _d78639 |
||